2019 MLB Postseason - Statistics

General Stats
  • This quiz has been taken 904 times
  • The average score is 9 of 10
Answers on the Map
Answers color-coded by a green-red scale on the quiz's map according to % correct below.
 
Answer Stats
Team % Correct
Oakland Athletics
99%
Los Angeles Dodgers
98%
Houston Astros
97%
New York Yankees
97%
Washington Nationals
96%
Atlanta Braves
90%
Milwaukee Brewers
86%
St. Louis Cardinals
84%
Tampa Bay Rays
84%
Minnesota Twins
83%
No matching quizzes found
Score Distribution
Percent of People with Each Score
Percentile by Number Answered
Your Score History
You have not taken this quiz